000
00239nam a22001097a 4500
082
_a
030
_b
WOR/W-19
245
_a
THE WORLD BOOK: VOLUME 19
260
_a
CHICAGO
_b
WORLD BOOK
300
_a
542
650
_a
ENCYCLOPEDIA
_z
CHICAGO
942
_c
BK
999
_c
2526
_d
2526